Statistiken für Länder der Sowjetunion

Klicken Sie hier um das Quiz zu spielen!

Allgemein

  • Dieses Quiz wurde 5.191 mal gespielt
  • Das Durchschnittsergebnis liegt bei 13 aus 15

Antwortstatistiken

Land% Korrekt
Ukraine
96%
Weißrussland
95%
Lettland
93%
Estland
93%
Litauen
93%
Russland
92%
Kasachstan
90%
Georgien
86%
Armenien
85%
Usbekistan
85%
Aserbaidschan
84%
Turkmenistan
83%
Kirgisistan
82%
Tadschikistan
81%
Moldawien
76%

Verteilung der Resultate

Perzentil nach korrekt beantworteten Fragen

Anzahl Personen mit jedem Resultat

Ihre Resultats-Entwicklung

Sie haben dieses Quiz noch nicht gespielt